000 00554nam a22001937a 4500
999 _c6334
_d6334
003 OSt
005 20190927120419.0
008 190927b ||||| |||| 00| 0 eng d
020 _a0813330777
040 _cDDC.
082 _a303.32PAR 1993.
100 _aedited by Schneider,Barbara;Coleman,S.James;
_912960
245 _aParents,Their Children, and schools.o
260 _aoxford,
_bWestview Press.
_c1993.
300 _axv,192p;
_bill,
_c24cm.
504 _aincludes references and index.
650 _aSocial studies.
_912766
942 _2ddc
_cO_SHELF